000 00663nam a2200229Ia 4500
005 20241129110944.0
008 241129s9999||||xx |||||||||||||| ||und||
020 _a978-0-367-49739-2
037 _aTB
040 _aCRL
_beng
_cCRL
041 _aeng
_2eng
084 _aR39(S) R0
_qCRL
100 _aHopp Walter Au.
_9722942
245 0 _aPhenomenology: a contemporary introduction
_cHopp Walter Au.
260 _aNew Delhi, USA
_bRoutledge
_c2020
300 _axxii,323p.
365 _aUKP
_b32.99
490 _aRoutledge contemporary introductions to philosophy
650 _aPhilosophy
942 _cTB
_hR39(S) R0
999 _c1228266
_d1228266